Catalog

Record Details

Catalog Search



Poťouchlé povídky  Cover Image Book Book

Poťouchlé povídky / Jan Picek ; Ilustr. Lucie Radová ; Graf. úprava Rudolf Mates

Record details

  • ISBN: 80-900342-7-6
  • Physical Description: 146 s. : obr. ; 18 cm
  • Edition: 2., rozš. vyd., v Interkontaktservisu 1. vyd.
  • Publisher: Praha : Interkontaktservis, [1993]

Content descriptions

General Note:
Slovník jidiš a hebrejských výrazů
Obálka Radim Vaněk
Pozn. o autorovi
Genre: povídky

Available copies

  • 1 of 1 copy available at Common Catalog SPOK.

Holds

  • 0 current holds with 1 total copy.
Show All Copies
Location Call Number / Copy Notes Barcode Shelving Location Status Due Date
The Jewish community of Prague K 3189 4638300265 K - Beletrie Available -

Electronic resources

Version of Resource: Digitalizovaný dokument


LDR 01366nam a2200361 4500
00152383
003CZ-PrJAB
00520221018235012.0
007tu
008940824s1993 xr a u0|0 j cze
015 . ‡acnb000087454
020 . ‡a80-900342-7-6 ‡q(brož.) : ‡cKčs 37,00
035 . ‡a(CZ PrNK)np9427620
035 . ‡a(OCoLC)39564819
040 . ‡aABA001 ‡bcze
072 7. ‡a821.162.3-3 ‡xČeská próza ‡2Konspekt ‡925
080 . ‡a885.0-32 ‡2undef
1001 . ‡aPicek, Jan, ‡d1921- ‡7jn99240000873 ‡4aut
24510. ‡aPoťouchlé povídky / ‡cJan Picek ; Ilustr. Lucie Radová ; Graf. úprava Rudolf Mates
250 . ‡a2., rozš. vyd., v Interkontaktservisu 1. vyd.
260 . ‡aPraha : ‡bInterkontaktservis, ‡c[1993] ‡e([S.l.] : ‡fVideotop)
300 . ‡a146 s. : ‡bobr. ; ‡c18 cm
500 . ‡aSlovník jidiš a hebrejských výrazů
500 . ‡aObálka Radim Vaněk
500 . ‡aPozn. o autorovi
6530 . ‡asatira ‡ažidovské anekdoty ‡ažidovský humor
655 7. ‡apovídky ‡7fd133105 ‡2czenas
7001 . ‡aVaněk, Radim ‡4art
7001 . ‡aMates, Rudolf, ‡d1881-1966 ‡7jk01080709 ‡4art
7001 . ‡aRadová, Lucie, ‡d1931-2016 ‡7jx20040622022 ‡4ill
85641. ‡uhttp://krameriusndk.nkp.cz/search/handle/uuid:a62dde90-7919-11ec-8ca2-005056827e52 ‡yDigitalizovaný dokument
910 . ‡aABE461
995 . ‡aska
901 . ‡a52383 ‡bAUTOGEN ‡c52383 ‡tbiblio

Additional Resources